000 00625nam a2200181Ia 4500
008 090630s9999 xx 000 0 und d
082 _b28334
100 _aसंपा.पेठे रमेश.
245 _aसुलोचना दीदी.
_cसंपा.पेठे रमेश.
260 _bशकुन - पुणे.
_c2007
300 _a208
600 _aसंपा.पेठे रमेश.
630 _aसुलोचना दीदी.
655 _aचरित्र.
700 _aसंपा.पेठे रमेश.
730 _aसुलोचना दीदी.
942 _cBOOK
999 _c280190
_d280190